| 000 | 01426nam a22003137a 4500 | ||
|---|---|---|---|
| 003 | OSt | ||
| 005 | 20220524121302.0 | ||
| 008 | 181122b my ||||| |||| 00| 0 may d | ||
| 020 |
_a9786144086940 _cRM32.00 _qHardback |
||
| 040 |
_aPPAK _beng _cPPAK _erda |
||
| 041 | _hara | ||
| 082 |
_a492.75 _223 |
||
| 090 |
_a492.75 _bTAA _dR |
||
| 245 | 1 | 0 |
_aتعلم قواعد = _bLearn Arabic Grammar |
| 246 | 1 | 0 | _aTaallam Qawā‘id |
| 264 | 4 |
_aBeirut - Lebanon : _b لشرکة المستقبل الرقمي = DIGITAL FUTURE , _c ©2014 |
|
| 300 |
_a180 pages ; _c20 cm + _e1 audio disc (CD MP3) : digital, stereo ; 12 cm. |
||
| 336 |
_atext _2rdacontent |
||
| 337 |
_aunmediated _2rdamedia |
||
| 338 |
_avolume _2rdacarrier |
||
| 490 | 1 | _a سلسله تعلم اللغة العربية = Arabic Language Learning Series | |
| 500 | _aBook is accompanied one audio dics (CD MP3) electronic (MP3) and available at Multimedia Unit. | ||
| 520 | _a• This series provides a real reference for students to learn Arabic. • Helping students be fully acknowledged about Arabic language. • Simplify language grammars and rules for students in a contemporary style. | ||
| 521 | 3 | _aSuitable for general user or beginner in Arabic Language. | |
| 546 | _aIn Arabic Language. | ||
| 650 | 0 | 0 |
_aArabic language _xSyntax |
| 830 | 0 | _a سلسله تعلم اللغة العربية = Arabic language learning series | |
| 942 |
_2ddc _cB |
||
| 999 |
_c170295 _d170295 |
||